000 00696nam a2200205 a 4500
001 000020895
005 20240412074249.0
008 100823s2001 dr a r 000 p spa d
040 _aDO-SdBNP
_bspa
_cBNPHU
082 _aRD861.44
_bG216a
100 1 _aGarcía, Ramón
_943797
245 1 0 _aAccesit 2001 :
_bepílogo de la aurora /
_cRamón García ; prólogo Mariano Gerardino Goico.
260 _aSanto Domingo :
_bDe la Patria,
_c2001.
300 _a212 p. :
_bil. ;
_c21 cm.
590 _aInventariado, 2018/BT
650 0 _aPoesía dominicana
_966
650 0 _aLiteratura dominicana.
_967
700 1 2 _aGerardino Goico, Mariano,
_epról.
_943798
910 _aValidado. Control de calidad. EMS
999 _c20398
_d20398